Statystyki dla Quiz o Rosji

Kliknij tutaj aby rozwiązać quiz!

Ogólne statystyki

  • Ten quiz został rozwiązany 5 297 razy
  • Średni wynik to 18 z 30

Statystyki odpowiedzi

WskazówkaOdpowiedź% Poprawnych
StolicaMoskwa
100%
Aktualny prezydent RosjiWładimir Putin
97%
Stolica sprzed 1918 r.Petersburg
89%
Symbole widoczne na fladze ZSRRMłot
86%
Symbole widoczne na fladze ZSRRSierp
84%
Pasma górskie stanowiące granice Azji z EuropąUral
77%
Nazwa dla radzieckich obozów pracyŁagry
75%
Przywódca, który nie zdołał podbić Rosji w 1812 r.Napoleon
73%
Symbole widoczne na fladze ZSRRGwiazda
69%
"Groźny" carIwan IV
69%
Komunistyczna nazwa tego miastaLeningrad
69%
Obszerny region na wschodzie RosjiSyberia
68%
Nad tym morzem leży SocziMorze Czarne
66%
"Wielka" carycaKatarzyna II
65%
Najdłuższa rzeka po europejskiej stronie RosjiWołga
65%
Najpopularniejsza rosyjska broń palnaKarabinek AK
63%
Pierwszy człowiek, który okrążył ZiemięJurij Gagarin
58%
Oficjalne miejsce zamieszkania prezydentaKreml moskiewski
56%
Bitwa będąca punktem zwrotnym w II wojnie światowejBitwa stalingradzka
54%
Radziecki odpowiednik CIAKGB
54%
"Wielki" carPiotr I
54%
Pasma górskie stanowiące granice Azji z EuropąKaukaz
50%
Pierwszy satelita, który okrążył ZiemięSputnik
47%
Największe rosyjskie miasto leżące nad PacyfikiemWładywostok
44%
Ryby używane do tradycyjnego kawioruJesiotry
33%
Autor powieści "Wojna i pokój"Lew Tołstoj
31%
Balet bożonarodzeniowy CzajkowskiegoDziadek do orzechów
27%
Najwyższa góraElbrus
27%
Metalowy bojler do parzenia herbatySamowar
23%
Najbardziej znany teatr baletowyTeatr Bolszoj
17%

Rozkład punktacji

Percentyl według liczby udzielonych odpowiedzi

Procent ludzi z każdym wynikiem

Twoja historia wyników

Nie rozwiązałeś tego quizu